1392 1190 1683 1278 1722 1554 1815 1106 1209 1579 1460 1585 1215 1991 1751 1504 1089 1515 1856 1657 1325 1632 1324 1375 1860 1665 1469 1564 1372 1284 1200 1266 1481 1062 1575 1914 1930 1039 1283 1786 1369 1462 1700 1522 1581 1196 1594 1071 1243 1411 1853 1718 1871 1035 1171 1297 1272 1379 1786 1044 1707 1147 1703 1375 1352 1765 1111 1988 1239 1137 1844 1953 1193 1087 1232 1345 1373 1239 1711 1022 1400 1268 1270 1495 1277 1921 1065 1237 1204 1238 1458 1375 1074 1908 1228 1849 1718 1140 1372 BCNSPRNW ULIB Ver.6.0+V

เปลี่ยนเป็นภาษาไทย

Change to English
 แสดงรายละเอียดบรรณานุกรม
  กลับหน้าหลัก

Brief Record : Get Marc (ISO 2709) : E-mail record : QR code < ปิดหน้าต่าง
LEADER : 00000nam 2200000uu 4500
001    13399112054
003     ULIB
008    110725s2552||||th 000 0 tha d
020    9786117070198 (ล.1)
050  4 H62^bส786ว ล.1 2552
100 0  สุธีระ ประเสริฐสรรพ์
245 10 วิจัยใน--ความคิด 1 /^cสุธีระ ประเสริฐสรรพ์
246 30 วิจัยใน...ความคิด 1
250    พิมพ์ครั้งที่ 1
260    กรุงเทพฯ :^bสำนักงานกองทุนสนับสนุนการวิจัย (สกว.),^c2552
300    5 เล่ม :^bภาพประกอบ ;^c24 ซม.
650  7 การวิจัย
650  7 การศึกษา
650  7 การเรียนรู้
710 2  สำนักงานกองทุนสนับสนุนการวิจัย
740 0  วิจัยใน...ความคิด : เล่มที่ 1
740 0  หลักคิด...การวิจัย : เล่มที่ 2
740 0  วิจัย...เรื่องใกล้ตัว : เล่มที่ 3
740 0  เรียนรู้คู่วิจัย : เล่มที่ 4
740 0  วิจัยใน...จินตนาการ : เล่มที่ 5
945    ^p70^l0^i026429
945    ^p70^l0^i026430
995    ทศพร
999 ^a ทศพร
รายการนี้ยังไม่มีแท็ก
คุณยังไม่ได้ล็อกอิน คุณสามารถมีกิจกรรมร่วมกับเว็บไซต์ได้ แต่ต้องล็อกอินก่อน ::
  ล็อกอิน

รายการสื่อสารสนเทศ

ลำดับที่ ประเภท เลขเรียก/บาร์โค้ด สถานที่ สถานะ
- ไม่พบข้อมูล -

รายการใกล้เคียง
    ผู้แต่ง [สุธีระ ประเสริฐสรรพ์]

    หัวเรื่อง [การวิจัย]
    หัวเรื่อง [การศึกษา]
    หัวเรื่อง [การเรียนรู้]

BibComment


ยังไม่เคยถูกคอมเมนท์

คอมเมนท์ทรัพยากรรายการนี้
  คอมเมนท์: วิจัยในความคิด 1 ..


 Copyright 2026. Bcnsprnw @Library